[Event "22nd ch-EUR Indiv 2022"]
[Site "Terme Catez SLO"]
[Date "2022.03.29"]
[Round "3.17"]
[White "Budisavljevic, Luka"]
[Black "Safarli, Eltaj"]
[Result "1/2-1/2"]
[WhiteTitle "GM"]
[BlackTitle "GM"]
[WhiteElo "2519"]
[BlackElo "2589"]
[WhiteFideId "960047"]
[BlackFideId "13402129"]
[EventDate "2022.03.27"]

1. Nf3 Nf6 2. c4 e6 3. Nc3 d5 4. e3 Be7 5. b3 O-O 6. Bb2 b6 7. d4 Bb7 8. Bd3
Nbd7 9. O-O a6 10. cxd5 exd5 11. Ne5 c5 12. Ne2 g6 13. Rc1 Rc8 14. Ng3 Re8 15.
Qe2 b5 16. Nxd7 Nxd7 17. dxc5 Bxc5 18. Qd2 Qh4 19. Be2 Bb4 20. Qd1 Rxc1 21. Qxc1
Rc8 22. Qa1 Bd6 23. Rd1 Re8 24. Rd4 Qd8 25. Bf3 Be5 26. Rd1 Qf6 27. Bd4 Bxd4 28.
Qxd4 Qxd4 29. Rxd4 Nf6 30. Kf1 Rc8 31. Ke2 Rc2+ 32. Rd2 Rc1 33. Kd3 b4 34. Ne2
Rf1 35. Ng3 Rc1 36. Rc2 Rxc2 37. Kxc2 Ne4 38. Bxe4 dxe4 39. Kb2 Kf8 40. a3 a5
41. axb4 axb4 42. Ne2 Ke7 43. Nd4 Kd6 44. Kc2 Ba6 45. Kd2 1/2-1/2

[Event "22nd ch-EUR Indiv 2022"]
[Site "Terme Catez SLO"]
[Date "2022.03.29"]
[Round "3.18"]
[White "Kantor, Gergely"]
[Black "Gadimbayli, Abdulla"]
[Result "1/2-1/2"]
[WhiteTitle "GM"]
[BlackTitle "IM"]
[WhiteElo "2587"]
[BlackElo "2451"]
[WhiteFideId "751499"]
[BlackFideId "13404938"]
[EventDate "2022.03.27"]

1. d4 Nf6 2. c4 e6 3. Nc3 Bb4 4. Qc2 b6 5. e4 c5 6. e5 cxd4 7. a3 Bxc3+ 8. bxc3
Ng8 9. cxd4 Bb7 10. Bb2 Ne7 11. Rd1 O-O 12. Ne2 d5 13. exd6 Qxd6 14. Ng3 Nd7 15.
Bd3 Nf6 16. O-O Rac8 17. Qd2 Ng6 18. Rfe1 Rfd8 19. Bf1 Qf4 20. a4 1/2-1/2

[Event "22nd ch-EUR Indiv 2022"]
[Site "Terme Catez SLO"]
[Date "2022.03.29"]
[Round "3.19"]
[White "Michalik, Peter"]
[Black "Kjartansson, Gudmundur"]
[Result "0-1"]
[WhiteTitle "GM"]
[BlackTitle "GM"]
[WhiteElo "2585"]
[BlackElo "2450"]
[WhiteFideId "14907526"]
[BlackFideId "2301318"]
[EventDate "2022.03.27"]

1. d4 Nf6 2. c4 e6 3. Nf3 d5 4. Nc3 Bb4 5. Qa4+ Nc6 6. e3 O-O 7. Qc2 b6 8. Bd2
Bb7 9. cxd5 exd5 10. a3 Bd6 11. Nb5 Be7 12. Bd3 a6 13. Nc3 Bd6 14. O-O Ne7 15.
b4 Ng6 16. b5 a5 17. a4 Qe7 18. Qb3 Rad8 19. Bc1 Ne4 20. g3 Bb4 21. Na2 Bd6 22.
Nc3 Bb4 23. Ne2 Bc8 24. Kg2 Qf6 25. Neg1 h5 26. h4 Bg4 27. Ra2 Rd6 28. Ba3 Bxa3
29. Rxa3 Bxf3+ 30. Nxf3 Qf5 31. Qd1 Qg4 32. Kg1 Rf6 33. Bxe4 dxe4 34. Ng5 Rf3
35. Nxf3 exf3 36. Kh2 Nxh4 37. Rh1 Re8 38. Qc2 Nf5 39. Qxc7 g5 40. Qc6 Re6 41.
Qc7 h4 42. Kg1 Kg7 43. Qb8 Qe4 44. Ra1 Nxg3 45. Rh2 Nf5 46. Qd8 Rg6 47. Rc1 Nxe3
48. Re1 Qg4+ 49. Kh1 Nf5 50. d5 Qxa4 51. Qc8 Qb4 52. Rc1 Qd2 53. Qc4 g4 54. Rg1
g3 55. Rh3 Qxf2 56. Qc3+ Kh7 57. Qd3 g2+ 58. Kh2 Qxg1+ 0-1

[Event "22nd ch-EUR Indiv 2022"]
[Site "Terme Catez SLO"]
[Date "2022.03.29"]
[Round "3.20"]
[White "Petenyi, Tamas"]
[Black "Mchedlishvili, Mikheil"]
[Result "1/2-1/2"]
[WhiteTitle "IM"]
[BlackTitle "GM"]
[WhiteElo "2451"]
[BlackElo "2584"]
[WhiteFideId "14909090"]
[BlackFideId "13600966"]
[EventDate "2022.03.27"]

1. e4 c5 2. Nf3 d6 3. d4 cxd4 4. Nxd4 Nf6 5. Nc3 a6 6. Be3 e5 7. Nb3 Be7 8. f3
Be6 9. Qd2 h5 10. O-O-O Nbd7 11. Nd5 Nxd5 12. exd5 Bf5 13. Bd3 Bxd3 14. Qxd3 Bg5
15. Kb1 Rc8 16. h4 Bxe3 17. Qxe3 Nb6 18. Nd2 Nc4 19. Qb3 Nxd2+ 20. Rxd2 b5 21.
f4 exf4 22. Re2+ Kf8 23. Re4 Rh6 24. Rxf4 Rf6 25. Qf3 Rxf4 26. Qxf4 Rc4 27. Qf2
g6 28. a3 Kg7 29. Rf1 Qe7 30. g3 a5 31. Qd2 a4 32. Rf3 Qe4 33. Rd3 Qe5 34. Ka2
Rc5 35. Kb1 Qe4 36. Ka2 Rc4 37. Kb1 Qe5 38. Ka2 Rg4 39. Qf2 Qe4 40. Qd2 Qc4+ 41.
Kb1 Re4 42. Qf2 Re5 43. Rd4 Re1+ 44. Qxe1 Qxd4 45. b3 Qxd5 46. Qe3 Kf8 47. Qh6+
Ke8 48. Qe3+ Qe5 49. Qb6 Qc5 50. Qa6 axb3 51. cxb3 Kd7 52. a4 bxa4 53. Qxa4+ Kc7
54. Qe8 Qd5 55. Ka2 Qd2+ 56. Ka1 Qc3+ 57. Ka2 Qxg3 58. Qxf7+ Kb6 59. Qe7 Qf2+
60. Ka3 Qc5+ 61. b4 Qc3+ 62. Ka4 Qc6+ 63. Kb3 Qd5+ 64. Ka3 Qd3+ 65. Ka4 Qc2+ 66.
Ka3 Qc1+ 67. Ka4 1/2-1/2

[Event "22nd ch-EUR Indiv 2022"]
[Site "Terme Catez SLO"]
[Date "2022.03.29"]
[Round "3.21"]
[White "Saric, Ivan"]
[Black "Bilych, Olexiy"]
[Result "1-0"]
[WhiteTitle "GM"]
[BlackTitle "FM"]
[WhiteElo "2687"]
[BlackElo "2342"]
[WhiteFideId "14508150"]
[BlackFideId "14156504"]
[EventDate "2022.03.27"]

1. e4 e5 2. Nf3 Nc6 3. Bb5 Nf6 4. d3 Bc5 5. c3 d5 6. Nbd2 O-O 7. O-O dxe4 8.
dxe4 Qe7 9. Qc2 a5 10. a4 Bg4 11. h3 Bh5 12. Nh4 Bg6 13. Nxg6 hxg6 14. Nf3 Na7
15. Bc4 Nc8 16. Re1 Nd6 17. Ba2 Rfe8 18. Bg5 Qd7 19. Rad1 Qc6 20. Bh4 Re7 21.
Ng5 Rd7 22. Kh2 Re8 23. f4 Qb6 24. fxe5 Rxe5 25. Nf3 Rde7 26. Nxe5 Rxe5 27. Bxf6
gxf6 28. Rd5 Rxd5 29. Bxd5 c6 30. Ba2 Qc7 31. e5 Nf5 32. g4 Ne7 33. Qe4 Qxe5+
34. Qxe5 fxe5 35. Kg2 Bd6 36. Rf1 Nd5 37. Bxd5 cxd5 38. Rd1 1-0

[Event "22nd ch-EUR Indiv 2022"]
[Site "Terme Catez SLO"]
[Date "2022.03.29"]
[Round "3.22"]
[White "Livaic, Leon"]
[Black "Anton Guijarro, David"]
[Result "1/2-1/2"]
[WhiteTitle "IM"]
[BlackTitle "GM"]
[WhiteElo "2563"]
[BlackElo "2694"]
[WhiteFideId "14531534"]
[BlackFideId "2285525"]
[EventDate "2022.03.27"]

1. e4 c5 2. Nf3 Nc6 3. d4 cxd4 4. Nxd4 e5 5. Nb5 d6 6. c4 Be6 7. N1c3 a6 8. Na3
Be7 9. Be2 Bg5 10. Nc2 Nh6 11. O-O O-O 12. Kh1 Bxc1 13. Rxc1 f5 14. Qd2 f4 15.
Rfd1 Qh4 16. f3 Rad8 17. Qe1 Qh5 18. Qg1 g5 19. c5 dxc5 20. Qxc5 g4 21. Bc4 Bxc4
22. Qxc4+ Kh8 23. Qe2 gxf3 24. gxf3 Nf7 25. Rxd8 Rxd8 26. Nd5 Ng5 27. Rf1 Rd6
28. Ne1 Rg6 29. Rf2 Nd4 30. Qf1 Rc6 31. Nc3 b5 32. Ne2 Nge6 33. Nd3 Nc2 34. b3
Ne3 35. Qa1 Rd6 36. Nexf4 Nxf4 37. Nxf4 Qg5 38. Nd5 Nxd5 39. exd5 Rxd5 40. Qg1
Qe3 41. Rf1 Qxg1+ 42. Kxg1 Kg7 43. Rc1 a5 44. Rc2 Kf6 45. Kf2 Kf5 46. Ke3 Rd4
47. a3 b4 48. Ra2 bxa3 49. Rxa3 Rd5 50. Ra4 Rb5 51. Kf2 h5 52. Rh4 Kg5 53. Re4
Kf6 54. Rh4 Kg6 55. Ra4 Kf5 56. Rh4 Kg6 57. Ra4 1/2-1/2

[Event "22nd ch-EUR Indiv 2022"]
[Site "Terme Catez SLO"]
[Date "2022.03.29"]
[Round "3.23"]
[White "Kryvoruchko, Yuriy"]
[Black "Dardha, Daniel"]
[Result "1-0"]
[WhiteTitle "GM"]
[BlackTitle "GM"]
[WhiteElo "2683"]
[BlackElo "2540"]
[WhiteFideId "14109182"]
[BlackFideId "240990"]
[EventDate "2022.03.27"]

1. e4 e5 2. Nf3 Nf6 3. Nxe5 d6 4. Nf3 Nxe4 5. d4 d5 6. Bd3 Bd6 7. O-O O-O 8. c4
c6 9. Nc3 Nxc3 10. bxc3 dxc4 11. Bxc4 Bf5 12. Bg5 Qa5 13. Nh4 Be6 14. Bxe6 Qxg5
15. Nf3 Qa5 16. Bb3 Nd7 17. Nd2 Nf6 18. Qf3 Qg5 19. Nc4 Bc7 20. g3 Rae8 21. Rae1
Qd5 22. Qd3 Qd8 23. f4 c5 24. Ne5 cxd4 25. cxd4 Bb6 26. Kg2 Re7 27. Rd1 Ne8 28.
h4 Rc7 29. g4 Qc8 30. Rf3 Kh8 31. Rd2 Nd6 32. h5 Ba5 33. Rc2 b5 34. Rh3 Qb7+ 35.
Kh2 Rfc8 36. Rc5 Ne4 37. Qxe4 Qxe4 38. Nxf7+ Kg8 39. Ng5+ 1-0

[Event "22nd ch-EUR Indiv 2022"]
[Site "Terme Catez SLO"]
[Date "2022.03.29"]
[Round "3.24"]
[White "David, Alberto"]
[Black "Cheparinov, Ivan"]
[Result "0-1"]
[WhiteTitle "GM"]
[BlackTitle "GM"]
[WhiteElo "2545"]
[BlackElo "2672"]
[WhiteFideId "4000013"]
[BlackFideId "2905540"]
[EventDate "2022.03.27"]

1. e4 c5 2. Nf3 d6 3. Bb5+ Nd7 4. Ba4 Nf6 5. O-O e6 6. d3 a6 7. c4 Be7 8. Nc3
O-O 9. Qe2 Qc7 10. Nd2 Ne5 11. f4 Nc6 12. Bxc6 Qxc6 13. b3 b5 14. Bb2 bxc4 15.
dxc4 Re8 16. e5 Nd7 17. exd6 Bxd6 18. Nce4 Bf8 19. Qh5 Re7 20. Ng5 h6 21. Ngf3
Bb7 22. Rae1 a5 23. a4 Qd6 24. Qh4 Bxf3 25. Nxf3 Qd3 26. Kh1 Qxb3 27. Bxg7 Kxg7
28. f5 exf5 29. Rxe7 Bxe7 30. Qxe7 Qxc4 31. Qe1 Re8 32. Qa1+ Kh7 33. Rd1 Qe6 34.
Qc3 Nf6 35. Qxc5 Ne4 36. Qd4 Rb8 37. Rf1 Rb4 38. Qa7 Rxa4 39. Ne5 Kg7 40. Qc7
Ra2 41. Nd3 Rd2 0-1

[Event "22nd ch-EUR Indiv 2022"]
[Site "Terme Catez SLO"]
[Date "2022.03.29"]
[Round "3.25"]
[White "Teclaf, Pawel"]
[Black "Grandelius, Nils"]
[Result "1/2-1/2"]
[WhiteTitle "IM"]
[BlackTitle "GM"]
[WhiteElo "2542"]
[BlackElo "2663"]
[WhiteFideId "1185934"]
[BlackFideId "1710400"]
[EventDate "2022.03.27"]

1. e4 c5 2. Nf3 d6 3. Bb5+ Nd7 4. d4 cxd4 5. Qxd4 a6 6. Be2 Ngf6 7. O-O e6 8. c4
b6 9. Nc3 Bb7 10. Rd1 Qc7 11. b3 Be7 12. Ba3 Nc5 13. e5 dxe5 14. Qxe5 Qc6 15.
Bb2 O-O 16. Qg3 Rfd8 17. Rxd8+ Rxd8 18. Rd1 Rxd1+ 19. Nxd1 Bd6 20. Be5 Nce4 21.
Qf4 Bc5 22. Bd4 Bd6 23. Be5 Ne8 24. Bxd6 N8xd6 25. Qe5 Kf8 26. Ne1 Qc5 27. Qxc5
Nxc5 28. Nc3 Nde4 29. Nb1 Ke7 30. f3 Nd6 31. Kf2 g5 32. Nc3 f5 33. b4 Nd7 34.
Na4 Nf7 35. Nd3 Bc6 36. Nc3 Kd6 37. g3 e5 38. f4 exf4 39. gxf4 h6 40. Kg3 a5 41.
a3 Nd8 42. Bf3 Ne6 43. Bxc6 Kxc6 44. fxg5 hxg5 45. h4 gxh4+ 46. Kxh4 axb4 1/2-1/2

[Event "22nd ch-EUR Indiv 2022"]
[Site "Terme Catez SLO"]
[Date "2022.03.29"]
[Round "3.26"]
[White "Guseinov, Gadir"]
[Black "Nesterov, Arseniy"]
[Result "1-0"]
[WhiteTitle "GM"]
[BlackTitle "GM"]
[WhiteElo "2661"]
[BlackElo "2522"]
[WhiteFideId "13401378"]
[BlackFideId "24198455"]
[EventDate "2022.03.27"]

1. e4 e5 2. Nf3 Nf6 3. d4 Nxe4 4. Bd3 d5 5. Nxe5 Nd7 6. Nc3 Nxc3 7. bxc3 Bd6 8.
O-O O-O 9. Re1 c5 10. Qf3 c4 11. Bf5 Nxe5 12. dxe5 Re8 13. Bxc8 Rxc8 14. Bg5
Qxg5 15. exd6 Re6 16. h4 Qd8 17. Qxd5 Rxd6 18. Qxb7 Rd7 19. Qa6 Rd6 20. Qb7 Rd7
21. Qe4 h5 22. Re3 Rd1+ 23. Rxd1 Qxd1+ 24. Kh2 g6 25. Rf3 Qd6+ 26. Rf4 Qd7 27.
g3 Qc7 28. Rf6 Qd7 29. Kg2 Kg7 30. Ra6 Rc7 31. Qd4+ Qxd4 32. cxd4 Rb7 33. c3 Rb2
34. Ra4 Rc2 35. Rxc4 Rxa2 36. Kf3 a5 37. Rc6 a4 38. c4 a3 39. Ra6 Ra1 40. Ke4 a2
41. Kd5 Kf8 42. c5 Ke7 43. Ra7+ Ke8 44. Kd6 1-0

[Event "22nd ch-EUR Indiv 2022"]
[Site "Terme Catez SLO"]
[Date "2022.03.29"]
[Round "3.27"]
[White "Tari, Aryan"]
[Black "Noe, Christopher"]
[Result "1-0"]
[WhiteTitle "GM"]
[BlackTitle "IM"]
[WhiteElo "2653"]
[BlackElo "2515"]
[WhiteFideId "1510045"]
[BlackFideId "24692018"]
[EventDate "2022.03.27"]

1. d4 Nf6 2. c4 e6 3. g3 d5 4. Nf3 Bb4+ 5. Bd2 Bd6 6. Bg2 c6 7. O-O O-O 8. Bc3
b6 9. Nbd2 Bb7 10. b4 dxc4 11. Nxc4 Be7 12. Nfe5 Nd5 13. Qb3 Nd7 14. Bd2 Rc8 15.
Rfd1 Ba6 16. e4 Nxe5 17. Nxe5 Nf6 18. Rac1 Bb7 19. Bf4 Nd7 20. Nc4 Nf6 21. Qa4
a6 22. Qb3 Ba8 23. h3 Nh5 24. Be3 Nf6 25. a4 a5 26. bxa5 bxa5 27. Ne5 Rb8 28.
Qc2 Ba3 29. Ra1 Qe7 30. Nxc6 Bxc6 31. Qxc6 Rfc8 32. Qa6 Bb4 33. Rac1 Qd7 34.
Rxc8+ Rxc8 35. d5 Rd8 36. Qb6 Rc8 37. Qa6 Rd8 38. Qb5 Qxb5 39. axb5 Kf8 40. Bf4
exd5 41. Bc7 Rd7 42. b6 dxe4 43. Rc1 1-0

[Event "22nd ch-EUR Indiv 2022"]
[Site "Terme Catez SLO"]
[Date "2022.03.29"]
[Round "3.28"]
[White "Halkias, Stelios"]
[Black "Nisipeanu, Liviu-Dieter"]
[Result "0-1"]
[WhiteTitle "GM"]
[BlackTitle "GM"]
[WhiteElo "2527"]
[BlackElo "2652"]
[WhiteFideId "4201809"]
[BlackFideId "1202758"]
[EventDate "2022.03.27"]

1. e4 e5 2. Nf3 Nc6 3. Bc4 Nf6 4. d3 Be7 5. O-O O-O 6. Nc3 d6 7. a4 Na5 8. Ba2
c5 9. Bg5 Nc6 10. Bxf6 Bxf6 11. Nd5 g6 12. Kh1 Bg7 13. Rg1 Be6 14. Qd2 Kh8 15.
Qg5 f6 16. Qh4 Qd7 17. g4 Nb4 18. Bb3 Qf7 19. Nxb4 cxb4 20. Bxe6 Qxe6 21. Nd2 d5
22. Rg3 Rf7 23. Rc1 Rc8 24. c4 bxc3 25. bxc3 Qb6 26. Rh3 Bf8 27. Rb1 Qc6 28. c4
dxe4 29. Nxe4 Rd8 30. Kg1 Be7 31. Qh6 f5 32. gxf5 gxf5 33. Qxc6 bxc6 34. Nc3 Bc5
35. Kf1 Rfd7 36. Ke2 e4 37. Rd1 Rxd3 38. Rdxd3 Rxd3 39. Rxd3 exd3+ 40. Kxd3 Bxf2
41. Na2 Bc5 42. Nc1 Kg7 43. Nb3 Bg1 44. h3 Kf6 45. Na5 c5 46. Nc6 a6 47. Nb8 Ke6
48. Nxa6 Kd6 49. Ke2 Bh2 50. Kf3 Kc6 51. a5 Bd6 52. Ke3 Kd7 53. Kf3 Ke6 54. Ke2
Ke5 55. Ke3 f4+ 56. Kf3 Kf5 57. Kf2 Ke4 58. Ke2 Kd4 59. Nxc5 Bxc5 60. Kf3 Ke5
61. a6 Kf5 62. Ke2 Ke4 63. Kf1 f3 0-1

[Event "22nd ch-EUR Indiv 2022"]
[Site "Terme Catez SLO"]
[Date "2022.03.29"]
[Round "3.29"]
[White "Shevchenko, Kirill"]
[Black "Gavrilescu, David"]
[Result "1/2-1/2"]
[WhiteTitle "GM"]
[BlackTitle "IM"]
[WhiteElo "2652"]
[BlackElo "2512"]
[WhiteFideId "14129574"]
[BlackFideId "1227190"]
[EventDate "2022.03.27"]

1. e4 e6 2. d4 d5 3. e5 c5 4. c3 Nc6 5. Nf3 Bd7 6. Be2 Nge7 7. O-O Nf5 8. dxc5
Bxc5 9. Bd3 O-O 10. Nbd2 a5 11. Nb3 Bb6 12. a4 Rc8 13. Re1 Ba7 14. Qe2 Qb6 15.
Ra3 Qc7 16. Bf4 Nce7 17. Nbd4 Bc5 18. Raa1 Qb6 19. Red1 Ng6 20. Bg3 Nxg3 21.
hxg3 f5 22. exf6 gxf6 23. Bb5 Bxb5 24. Nxb5 Rfe8 25. Rab1 Bf8 26. Nfd4 e5 27.
Nf5 Qe6 28. Qh5 Red8 29. Rd2 Rd7 30. Rbd1 Rcd8 31. Qf3 Ne7 32. Ne3 Bh6 33. Ng4
Bg5 34. Rc2 Rc8 35. Ne3 Bxe3 36. Qxe3 Qg4 37. Ra1 h5 38. Rd2 h4 39. gxh4 Nf5 40.
Qe2 Qxh4 41. g3 Qh3 42. Qf1 Qg4 43. Qd1 Qh3 44. Qf1 Qh6 45. Rad1 Rcd8 46. Qg2
Qg5 1/2-1/2

[Event "22nd ch-EUR Indiv 2022"]
[Site "Terme Catez SLO"]
[Date "2022.03.29"]
[Round "3.30"]
[White "Sivuk, Vitaly"]
[Black "Santos Latasa, Jaime"]
[Result "1/2-1/2"]
[WhiteTitle "GM"]
[BlackTitle "GM"]
[WhiteElo "2518"]
[BlackElo "2648"]
[WhiteFideId "14116502"]
[BlackFideId "2293307"]
[EventDate "2022.03.27"]

1. Nf3 c5 2. c4 Nf6 3. Nc3 Nc6 4. e3 e6 5. d4 d5 6. cxd5 exd5 7. Bb5 cxd4 8.
exd4 Bd6 9. O-O O-O 10. Bg5 Bg4 11. Bxc6 bxc6 12. Qd3 h6 13. Bh4 Bxf3 14. Qxf3
Be7 15. Rfe1 Re8 16. Re2 Ne4 17. Bxe7 Qxe7 18. Nxe4 dxe4 19. Qc3 Qd6 20. Rae1
Qd5 21. b3 Rad8 22. Qc5 Qxc5 23. dxc5 Kf8 24. g4 Rd5 25. Rxe4 Rxe4 26. Rxe4 Rxc5
27. Kg2 h5 28. gxh5 Ra5 29. h6 gxh6 30. a4 Rd5 31. b4 a5 32. bxa5 Rxa5 33. Kf3
f5 34. Rh4 Ke7 35. Ke3 Kf6 36. Rxh6+ Kg5 37. Rxc6 Rxa4 38. Kf3 Rf4+ 39. Kg2 Rg4+
40. Kh1 Kf4 41. Rc3 Rg8 42. h3 Rg7 43. Kh2 Rg8 44. h4 Rh8 45. Kh3 Rh7 46. Rg3
Rh8 47. Rc3 1/2-1/2

[Event "22nd ch-EUR Indiv 2022"]
[Site "Terme Catez SLO"]
[Date "2022.03.29"]
[Round "3.31"]
[White "Ragger, Markus"]
[Black "Kobo, Ori"]
[Result "1/2-1/2"]
[WhiteTitle "GM"]
[BlackTitle "GM"]
[WhiteElo "2647"]
[BlackElo "2510"]
[WhiteFideId "1610856"]
[BlackFideId "2812320"]
[EventDate "2022.03.27"]

1. e4 e5 2. Nf3 Nc6 3. Bb5 a6 4. Ba4 Nf6 5. O-O Be7 6. Re1 b5 7. Bb3 O-O 8. a4
Bb7 9. d3 d6 10. h3 Na5 11. Ba2 c5 12. Nbd2 Qc7 13. Nf1 b4 14. Ne3 Bc8 15. c3
Rb8 16. d4 bxc3 17. bxc3 Bb7 18. dxe5 dxe5 19. Nd5 Nxd5 20. exd5 c4 21. Nxe5
Rbd8 22. Ng4 Bxd5 23. Qc2 Nb3 24. Rb1 f5 25. Qe2 fxg4 26. Qxe7 Qxe7 27. Rxe7
gxh3 28. gxh3 Rf3 29. Re3 Rdf8 30. Ba3 Rxf2 31. Bxf8 Rg2+ 32. Kf1 Rxa2 33. Rd1
Bg2+ 34. Kg1 Kxf8 35. Rd7 Bc6 36. Rc7 Bd5 37. Ree7 Rg2+ 38. Kf1 Rg5 39. Red7
Rf5+ 40. Kg1 Bf7 41. Rd8+ Be8 42. Rxc4 Nc5 43. Rc8 Nd7 44. R4c6 Ra5 45. c4 Rxa4
46. c5 Nf6 47. Ra8 a5 48. Rcc8 Ke7 49. Rc7+ Ke6 50. Rxg7 Ra1+ 51. Kf2 Ra2+ 52.
Kg1 Ra1+ 53. Kf2 Ra2+ 54. Kg1 a4 55. Ra6+ Kf5 56. c6 Rc2 57. c7 Bd7 58. Ra5+ Ke6
59. Ra6+ Kf5 60. Ra5+ Ke6 61. Ra6+ Kf5 1/2-1/2

[Event "22nd ch-EUR Indiv 2022"]
[Site "Terme Catez SLO"]
[Date "2022.03.29"]
[Round "3.32"]
[White "Bluebaum, Matthias"]
[Black "Sebenik, Matej"]
[Result "1-0"]
[WhiteTitle "GM"]
[BlackTitle "GM"]
[WhiteElo "2642"]
[BlackElo "2510"]
[WhiteFideId "24651516"]
[BlackFideId "14602296"]
[EventDate "2022.03.27"]

1. d4 Nf6 2. c4 g6 3. Nc3 Bg7 4. Nf3 O-O 5. Bg5 c5 6. d5 h6 7. Bh4 d6 8. Nd2 Qb6
9. Qc2 g5 10. Bg3 Nh5 11. e4 f5 12. Be2 Nxg3 13. hxg3 e6 14. Bd3 Qd8 15. dxe6 f4
16. gxf4 gxf4 17. e5 dxe5 18. Nf3 Nc6 19. Nh4 Rf6 20. Qe2 e4 21. Nxe4 Rxe6 22.
O-O-O Qf8 23. Qh5 Ne5 24. Nf5 Nxd3+ 25. Rxd3 Bxb2+ 26. Kc2 Bg7 27. f3 Ra6 28.
Nxg7 Kxg7 29. Qe5+ Kg8 30. Rh4 Be6 31. Nf6+ 1-0

[Event "22nd ch-EUR Indiv 2022"]
[Site "Terme Catez SLO"]
[Date "2022.03.29"]
[Round "3.33"]
[White "Kuzubov, Yuriy"]
[Black "Brunello, Sabino"]
[Result "1-0"]
[WhiteTitle "GM"]
[BlackTitle "GM"]
[WhiteElo "2639"]
[BlackElo "2508"]
[WhiteFideId "14112906"]
[BlackFideId "813613"]
[EventDate "2022.03.27"]

1. d4 Nf6 2. c4 e6 3. Nf3 d5 4. Nc3 Bb4 5. Bg5 h6 6. Bxf6 Qxf6 7. e3 O-O 8. Qb3
c5 9. cxd5 exd5 10. dxc5 Nc6 11. O-O-O Bxc3 12. Qxc3 Qxc3+ 13. bxc3 Be6 14. Nd4
Rac8 15. Bb5 Ne7 16. Nb3 Rc7 17. Kb2 Ng6 18. Rd4 Ne5 19. Rhd1 Nc4+ 20. Kc1 Ne5
21. Rb4 Rfc8 22. Kb2 Kf8 23. h3 Nc4+ 24. Bxc4 dxc4 25. Nd4 Bd7 26. Rb1 Ke7 27.
Kc2 Rxc5 28. Rxb7 R8c7 29. Rxc7 Rxc7 30. Rb8 h5 31. e4 1-0

[Event "22nd ch-EUR Indiv 2022"]
[Site "Terme Catez SLO"]
[Date "2022.03.29"]
[Round "3.34"]
[White "Druska, Juraj"]
[Black "Petrosyan, Manuel"]
[Result "1/2-1/2"]
[WhiteTitle "IM"]
[BlackTitle "GM"]
[WhiteElo "2503"]
[BlackElo "2637"]
[WhiteFideId "14915650"]
[BlackFideId "13300857"]
[EventDate "2022.03.27"]

1. e4 e5 2. Nf3 Nc6 3. d4 exd4 4. Nxd4 Nf6 5. Nxc6 bxc6 6. Bd3 d5 7. exd5 cxd5
8. O-O Be7 9. c4 O-O 10. Nc3 d4 11. Ne4 Nxe4 12. Bxe4 Rb8 13. b3 Bb7 14. Bxb7
Rxb7 15. Qf3 Rb6 16. Bd2 Bg5 17. Ba5 Ra6 18. Bb4 Re8 19. Bc5 d3 20. Rad1 d2 21.
a4 Bh6 22. Qc3 Rae6 23. Be3 Bxe3 24. fxe3 Rxe3 25. Qxd2 Qxd2 26. Rxd2 Rxb3 27.
Rd7 f6 28. Rxc7 Rb2 29. Kh1 Ree2 30. Rg1 a5 31. c5 Rbc2 32. c6 Re6 33. Rb1 h6
34. h3 Rexc6 35. Rb8+ Kh7 36. Rxc6 Rxc6 37. Rb5 Ra6 38. Kh2 g5 39. h4 gxh4 40.
Kh3 Re6 41. Rxa5 Re4 42. Ra8 Kg7 1/2-1/2

[Event "22nd ch-EUR Indiv 2022"]
[Site "Terme Catez SLO"]
[Date "2022.03.29"]
[Round "3.35"]
[White "Wieczorek, Oskar"]
[Black "Donchenko, Alexander"]
[Result "1/2-1/2"]
[WhiteTitle "GM"]
[BlackTitle "GM"]
[WhiteElo "2500"]
[BlackElo "2636"]
[WhiteFideId "1133950"]
[BlackFideId "24603295"]
[EventDate "2022.03.27"]

1. e4 e5 2. Nf3 Nc6 3. Bc4 Nf6 4. d3 Bc5 5. c3 d6 6. O-O a6 7. a4 Ba7 8. Re1 O-O
9. h3 Be6 10. Bxe6 fxe6 11. Be3 Bxe3 12. Rxe3 a5 13. Nbd2 Kh8 14. Nf1 Qe8 15.
Ng3 b6 16. Qb3 h6 17. d4 exd4 18. Nxd4 Nd8 19. e5 Nd5 20. Ree1 Qf7 21. Qc2 Nf4
22. exd6 cxd6 23. Rad1 d5 24. Nge2 Ng6 25. Ng3 Nf4 26. Nge2 Ng6 27. Ng3 1/2-1/2

[Event "22nd ch-EUR Indiv 2022"]
[Site "Terme Catez SLO"]
[Date "2022.03.29"]
[Round "3.36"]
[White "Ponomariov, Ruslan"]
[Black "Demuth, Adrien"]
[Result "1-0"]
[WhiteTitle "GM"]
[BlackTitle "GM"]
[WhiteElo "2636"]
[BlackElo "2496"]
[WhiteFideId "14103320"]
[BlackFideId "642274"]
[EventDate "2022.03.27"]

1. c4 e5 2. g3 g6 3. Bg2 Bg7 4. Nc3 d6 5. d3 Nc6 6. e4 f5 7. Nge2 Nf6 8. Nd5 O-O
9. O-O Be6 10. Bg5 Qd7 11. Qd2 Rf7 12. b4 Nd8 13. Bxf6 Bxf6 14. exf5 Bxf5 15.
Nxf6+ Rxf6 16. d4 c6 17. Nc3 Nf7 18. f4 exd4 19. Qxd4 Re6 20. b5 Qc7 21. Rae1
Qb6 22. Qxb6 axb6 23. bxc6 bxc6 24. Bxc6 Ra3 25. Nd5 Nd8 26. Bb5 Rxa2 27. Ne7+
Kf8 28. Nxf5 gxf5 29. Bd7 Ree2 30. Rxe2 Rxe2 31. Bxf5 h5 32. Rf2 Re1+ 33. Kg2
Nc6 34. Rb2 Na5 35. Bd3 Re3 36. Be2 h4 37. Kf2 Rc3 38. Rxb6 Nxc4 39. Bxc4 Rxc4
40. Rxd6 Rc2+ 41. Kg1 Kg7 42. Rd5 h3 43. Rh5 Kg6 44. Rxh3 Kf5 45. Rh4 1-0

[Event "22nd ch-EUR Indiv 2022"]
[Site "Terme Catez SLO"]
[Date "2022.03.29"]
[Round "3.37"]
[White "Martirosyan, Haik M."]
[Black "Ioannidis, Evgenios"]
[Result "1-0"]
[WhiteTitle "GM"]
[BlackTitle "IM"]
[WhiteElo "2633"]
[BlackElo "2481"]
[WhiteFideId "13306553"]
[BlackFideId "4229274"]
[EventDate "2022.03.27"]

1. e4 e5 2. Nf3 Nc6 3. Bc4 Nf6 4. d3 Bc5 5. Bg5 h6 6. Bh4 Be7 7. Bg3 d6 8. a3
O-O 9. O-O a6 10. Nbd2 Be6 11. Bxe6 fxe6 12. c3 Qd7 13. Re1 Rae8 14. Rc1 Bd8 15.
d4 exd4 16. cxd4 Nh5 17. Qb3 Na5 18. Qc3 Nc6 19. Qb3 Na5 20. Qd3 Nc6 21. b4 Ne7
22. Qb3 Ng6 23. a4 Ngf4 24. Bxf4 Nxf4 25. g3 Nh5 26. e5 d5 27. b5 axb5 28. axb5
g5 29. Qd3 Ng7 30. Re2 g4 31. Ne1 Nf5 32. Nf1 Bg5 33. Ra1 Ra8 34. Rea2 Rxa2 35.
Rxa2 c6 36. Qd1 h5 37. h3 c5 38. dxc5 Qxb5 39. hxg4 Qc4 40. gxf5 Qxa2 41. f6
Bxf6 42. exf6 Rxf6 43. Nd3 Qc4 44. Qd2 Qe4 45. Qb2 d4 46. Qb5 h4 47. c6 bxc6 48.
Qg5+ Rg6 49. Qd8+ Kh7 50. Nc5 Qf3 51. Qe7+ Kg8 52. Nxe6 hxg3 53. Qe8+ Kh7 54.
Nf8+ Kg7 55. Qxg6+ Kxf8 56. Nxg3 d3 57. Nf5 Qe2 58. Qf6+ Ke8 59. Qxc6+ Kf7 60.
Qc4+ Kf6 61. Ne3 Qe1+ 62. Nf1 1-0